| 000 | 00386 a2200157 4500 | ||
|---|---|---|---|
| 003 | Nust | ||
| 005 | 20170207153551.0 | ||
| 040 | _cNust | ||
| 082 | _a005.1 | ||
| 100 | _aMalik, Adil Muslim MSCS-6 | ||
| 245 |
_aImplementaion of virtual banking system _cAdil Muslim Malik, MSCS-6 |
||
| 260 |
_bMCS _cMay 2001 |
||
| 300 | _a83 p | ||
| 538 | _aAlmirah No 69 Shelf No 5 | ||
| 650 | _aMSCS Thesis | ||
| 942 | _cTHS | ||
| 999 |
_c188842 _d188842 |
||